000 00255nam a22001217a 4500
008 170817b xxu||||| |||| 00| 0 eng d
041 _aeng
080 _26TH
_a51
100 _a36
101 _aMAT
245 _aPRECALCULUS
_cSULLIVAN,M
942 _2udc
_cBK
999 _c23839
_d23839